000 00645nam a2200241 4500
001 2642649
003 NUST - PNEC
005 20170116181124.0
008 720613s1970 nyua 001 0 eng
010 _a 75120553
020 _a0444196668
035 _a(OCoLC)ocm00554243
040 _aDLC
_cLIBRARY
_dZCU
050 0 _aV800
_b.N4 1970b
082 _a623.825 NEW
100 1 _aNewton, R. N.
245 1 0 _aPractical construction of warships
_cR. N. Newton.
260 _aNew York,
_bAmerican Elsevier Pub. Co.,
_cc.1970.
300 _axii, 484 p.
_billus.
_c26 cm.
650 0 _aWarships.
_xME
942 _2ddc
_cBK
999 _c69663
_d69663